| 000 | 00687nam a22002057a 4500 | ||
|---|---|---|---|
| 999 |
_c19336 _d19336 |
||
| 003 | AR-CdUCM | ||
| 008 | 190223b ||||| |||| 00| 0 eng d | ||
| 040 |
_aMUNICIPALIDAD PROVINCIAL DEL CUSCO _cBIBLIOTECA MUNICIPAL DEL CUSCO |
||
| 082 |
_a331.09 / _bD73 |
||
| 100 |
_aDolleans, Edouard _938642 |
||
| 245 | _aHistoria del movimiento obrero I 1830 - 1871 / | ||
| 260 |
_aBuenos Aires : _bEudeba, _c1960. |
||
| 300 |
_a365 paginas ; _c23 cm. |
||
| 505 | _aContenido : Miseria y esperanza -- Experiencia cartista -- Capacidad obrera... | ||
| 650 |
_aReformismo _936096 |
||
| 650 |
_aMovimiento obrero _93485 |
||
| 650 |
_aLucha de clases _94818 |
||
| 942 |
_2ddc _cLIBROS |
||
| 945 | _arcc | ||